[Event "ODJM C 2025"]
[Site "Willingen GER"]
[Date "2025.06.10"]
[Round "4"]
[White "Fels, Henri"]
[Black "Bathmann, Sanaa Maria"]
[Result "0-1"]
[Termination "normal"]
[Board "26"]
[WhiteElo "940"]
[BlackElo "1105"]
[WhiteClock "00:01:10"]
[BlackClock "00:46:50"]
[PlyCount "73"]
[WhiteFideId "533043779"]
[BlackFideId "34697322"]
[EventCountry "GER"]
[EventRounds "9"]
[EventType "swiss"]
[EventDate "2025.06.07"]

1. d4 {[%clk 01:30:55]} {[%emt 00:00:05]} d5 {[%clk 01:30:50]} {[%emt
00:00:12]} 2. Nc3 {[%clk 01:31:12]} {[%emt 00:00:11]} Bf5 {[%clk 01:29:17]}
{[%emt 00:02:02]} 3. Bf4 {[%clk 01:31:13]} {[%emt 00:00:28]} a6 {[%clk
01:25:39]} {[%emt 00:04:09]} 4. Qd2 {[%clk 01:29:44]} {[%emt 00:02:00]} Nc6
{[%clk 01:23:55]} {[%emt 00:02:15]} 5. f3 {[%clk 01:20:55]} {[%emt 00:09:19]}
Nf6 {[%clk 01:21:45]} {[%emt 00:02:39]} 6. g4 {[%clk 01:16:07]} {[%emt
00:05:18]} Be6 {[%clk 01:21:10]} {[%emt 00:01:05]} 7. O-O-O {[%clk 01:12:50]}
{[%emt 00:03:46]} g6 {[%clk 01:19:13]} {[%emt 00:02:27]} 8. h4 {[%clk
01:11:14]} {[%emt 00:02:07]} Bg7 {[%clk 01:18:25]} {[%emt 00:01:18]} 9. Bg2
{[%clk 01:08:06]} {[%emt 00:03:38]} Qd7 {[%clk 01:17:42]} {[%emt 00:01:14]} 10.
Qe3 {[%clk 00:47:51]} {[%emt 00:20:45]} O-O-O {[%clk 01:15:53]} {[%emt
00:02:19]} 11. Be5 {[%clk 00:44:30]} {[%emt 00:03:51]} h6 {[%clk 01:13:04]}
{[%emt 00:03:18]} 12. g5 {[%clk 00:42:25]} {[%emt 00:02:36]} hxg5 {[%clk
01:11:12]} {[%emt 00:02:21]} 13. hxg5 {[%clk 00:40:57]} {[%emt 00:01:58]} Nxe5
{[%clk 01:10:31]} {[%emt 00:01:11]} 14. Qxe5 {[%clk 00:38:22]} {[%emt
00:03:05]} Nh5 {[%clk 01:06:01]} {[%emt 00:05:00]} 15. Qe3 {[%clk 00:33:02]}
{[%emt 00:05:50]} f6 {[%clk 01:05:52]} {[%emt 00:00:39]} 16. f4 {[%emt
00:03:25]} Rh7 {[%clk 01:04:24]} {[%emt 00:00:01]} 17. Qf3 {[%clk 00:28:06]}
{[%emt 00:04:28]} c6 {[%clk 01:01:05]} {[%emt 00:03:50]} 18. e4 {[%clk
00:26:26]} {[%emt 00:02:10]} fxg5 {[%clk 00:55:58]} {[%emt 00:05:36]} 19. fxg5
{[%clk 00:25:43]} {[%emt 00:01:14]} Rf8 {[%clk 00:56:01]} {[%emt 00:00:26]} 20.
Qe2 {[%clk 00:25:23]} {[%emt 00:00:51]} Ng3 {[%clk 00:54:46]} {[%emt 00:01:44]}
21. Qd2 {[%emt 00:07:23]} Nxh1 {[%clk 00:54:10]} {[%emt 00:00:59]} 22. Qe3
{[%clk 00:16:39]} {[%emt 00:02:28]} Rfh8 {[%clk 00:53:01]} {[%emt 00:01:36]}
23. Qf4 {[%clk 00:11:39]} {[%emt 00:05:34]} Rh4 {[%clk 00:51:37]} {[%emt
00:01:51]} 24. Qe3 {[%clk 00:10:23]} {[%emt 00:01:48]} R4h5 {[%clk 00:50:52]}
{[%emt 00:01:15]} 25. Nf3 {[%clk 00:09:53]} {[%emt 00:00:59]} Bg4 {[%clk
00:48:46]} {[%emt 00:02:36]} 26. Qg1 {[%clk 00:08:52]} {[%emt 00:01:32]} Ng3
{[%clk 00:48:46]} {[%emt 00:00:31]} 27. Qf2 {[%clk 00:08:27]} {[%emt 00:00:55]}
Nxe4 {[%clk 00:47:11]} {[%emt 00:02:04]} 28. Nxe4 {[%clk 00:06:54]} {[%emt
00:02:03]} dxe4 {[%clk 00:00:00]} {[%emt 00:03:14]} 29. d5 {[%clk 00:05:51]}
{[%emt 00:00:56]} cxd5 {[%clk 00:48:27]} {[%emt 00:00:53]} 30. Qc5+ {[%clk
00:02:34]} {[%emt 00:03:46]} Qc6 {[%clk 00:48:10]} {[%emt 00:00:46]} 31. Rxd5
{[%clk 00:01:57]} {[%emt 00:01:07]} Qxc5 {[%clk 00:45:47]} {[%emt 00:02:54]}
32. Rxc5+ {[%clk 00:02:11]} {[%emt 00:00:17]} Kb8 {[%clk 00:46:08]} {[%emt
00:00:08]} 33. Nd2 {[%clk 00:01:36]} {[%emt 00:01:04]} e3 {[%clk 00:45:54]}
{[%emt 00:00:45]} 34. Nf3 {[%clk 00:01:05]} {[%emt 00:01:02]} Rh1+ {[%clk
00:46:10]} {[%emt 00:00:13]} 35. Bxh1 {[%clk 00:00:48]} {[%emt 00:00:47]} Rxh1+
{[%clk 00:46:26]} {[%emt 00:00:13]} 36. Ng1 {[%clk 00:01:10]} {[%emt 00:00:09]}
Rxg1# {[%clk 00:46:50]} {[%emt 00:00:06]} 37. Kd2 {[%emt 00:01:29]} 0-1

[Event "ODJM C 2025"]
[Site "Willingen GER"]
[Date "2025.06.10"]
[Round "4"]
[White "Peglau, Louise Deborah"]
[Black "Surmann, Lukas"]
[Result "0-1"]
[Termination "normal"]
[Board "27"]
[WhiteElo "861"]
[BlackElo "1084"]
[WhiteClock "01:31:36"]
[BlackClock "01:25:40"]
[PlyCount "86"]
[WhiteFideId "34667008"]
[BlackFideId "34649360"]
[EventCountry "GER"]
[EventRounds "9"]
[EventType "swiss"]
[EventDate "2025.06.07"]

1. d4 {[%clk 01:30:59]} {[%emt 00:00:03]} e6 {[%clk 01:31:20]} {[%emt
00:00:10]} 2. c4 {[%clk 01:31:23]} {[%emt 00:00:05]} d5 {[%clk 01:31:37]}
{[%emt 00:00:11]} 3. Nc3 {[%clk 01:31:45]} {[%emt 00:00:08]} c5 {[%clk
01:31:17]} {[%emt 00:00:50]} 4. Nf3 {[%clk 01:32:05]} {[%emt 00:00:10]} Nc6
{[%clk 01:31:19]} {[%emt 00:00:29]} 5. Bf4 {[%clk 01:32:07]} {[%emt 00:00:27]}
Nge7 {[%clk 01:31:35]} {[%emt 00:00:14]} 6. dxc5 {[%clk 01:32:14]} {[%emt
00:00:24]} Ng6 {[%clk 01:27:47]} {[%emt 00:04:18]} 7. cxd5 {[%clk 01:32:10]}
{[%emt 00:00:33]} Nxf4 {[%clk 01:27:56]} {[%emt 00:00:21]} 8. dxc6 {[%clk
01:32:26]} {[%emt 00:00:14]} Qxd1+ {[%clk 01:28:09]} {[%emt 00:00:17]} 9. Nxd1
{[%clk 01:32:30]} {[%emt 00:00:25]} bxc6 {[%clk 01:28:26]} {[%emt 00:00:14]}
10. b4 {[%clk 01:32:40]} {[%emt 00:00:19]} a5 {[%clk 01:28:40]} {[%emt
00:00:17]} 11. g3 {[%clk 01:32:23]} {[%emt 00:00:45]} Nd5 {[%clk 01:28:56]}
{[%emt 00:00:15]} 12. a3 {[%clk 01:31:49]} {[%emt 00:01:05]} axb4 {[%clk
01:29:19]} {[%emt 00:00:07]} 13. e4 {[%clk 01:32:00]} {[%emt 00:00:18]} Nf6
{[%clk 01:29:00]} {[%emt 00:00:49]} 14. e5 {[%clk 01:31:57]} {[%emt 00:00:34]}
Nd5 {[%clk 01:29:02]} {[%emt 00:00:29]} 15. a4 {[%clk 01:32:03]} {[%emt
00:00:24]} Bxc5 {[%clk 01:27:56]} {[%emt 00:01:35]} 16. Bg2 {[%clk 01:31:37]}
{[%emt 00:00:55]} Ba6 {[%clk 01:28:04]} {[%emt 00:00:22]} 17. Ng5 {[%clk
01:30:34]} {[%emt 00:01:32]} Bd4 {[%clk 01:28:02]} {[%emt 00:00:32]} 18. Rb1
{[%clk 01:30:49]} {[%emt 00:00:16]} O-O {[%clk 01:27:17]} {[%emt 00:01:16]} 19.
Bxd5 {[%clk 01:31:09]} {[%emt 00:00:10]} cxd5 {[%clk 01:27:09]} {[%emt
00:00:38]} 20. Rxb4 {[%clk 01:31:25]} {[%emt 00:00:13]} Bxe5 {[%clk 01:26:48]}
{[%emt 00:00:51]} 21. f4 {[%clk 01:31:28]} {[%emt 00:00:25]} Bc7 {[%clk
01:25:40]} {[%emt 00:01:37]} 22. Nc3 {[%clk 01:30:21]} {[%emt 00:01:41]} Ba5
{[%clk 01:25:51]} {[%emt 00:00:17]} 23. Rb3 {[%clk 01:30:26]} {[%emt 00:00:26]}
Bc4 {[%clk 01:26:09]} {[%emt 00:00:13]} 24. Ra3 {[%clk 01:30:01]} {[%emt
00:00:55]} Bb4 {[%clk 01:26:25]} {[%emt 00:00:13]} 25. Ra1 {[%clk 01:29:37]}
{[%emt 00:00:53]} Bxc3+ {[%clk 01:26:33]} {[%emt 00:00:23]} 26. Kf2 {[%clk
01:29:36]} {[%emt 00:00:30]} Bxa1 {[%clk 01:26:51]} {[%emt 00:00:13]} 27. Rxa1
{[%clk 01:29:54]} {[%emt 00:00:12]} h6 {[%clk 01:26:59]} {[%emt 00:00:22]} 28.
Nh3 {[%clk 01:30:08]} {[%emt 00:00:15]} Rfb8 {[%clk 01:26:58]} {[%emt
00:00:32]} 29. a5 {[%clk 01:30:12]} {[%emt 00:00:26]} Rb5 {[%clk 01:27:00]}
{[%emt 00:00:28]} 30. a6 {[%clk 01:30:22]} {[%emt 00:00:19]} Rb2+ {[%clk
01:27:20]} {[%emt 00:00:11]} 31. Kf3 {[%clk 01:30:34]} {[%emt 00:00:18]} Rxa6
{[%clk 01:27:34]} {[%emt 00:00:16]} 32. Rxa6 {[%clk 01:30:49]} {[%emt
00:00:15]} Bxa6 {[%clk 01:27:58]} {[%emt 00:00:06]} 33. Nf2 {[%clk 01:30:54]}
{[%emt 00:00:25]} g5 {[%clk 01:27:52]} {[%emt 00:00:36]} 34. Kg2 {[%clk
01:30:06]} {[%emt 00:01:18]} gxf4 {[%clk 01:27:24]} {[%emt 00:00:59]} 35. gxf4
{[%clk 01:30:23]} {[%emt 00:00:12]} d4 {[%clk 01:27:29]} {[%emt 00:00:26]} 36.
Kg1 {[%clk 01:30:31]} {[%emt 00:00:20]} d3 {[%clk 01:27:32]} {[%emt 00:00:29]}
37. h3 {[%clk 01:30:45]} {[%emt 00:00:14]} Rxf2 {[%clk 01:27:47]} {[%emt
00:00:17]} 38. Kxf2 {[%clk 01:31:00]} {[%emt 00:00:14]} d2 {[%clk 01:28:11]}
{[%emt 00:00:07]} 39. Kg3 {[%clk 01:31:08]} {[%emt 00:00:21]} d1=Q {[%clk
01:28:30]} {[%emt 00:00:11]} 40. Kh4 {[%clk 01:31:12]} {[%emt 00:00:25]} Qh1
{[%clk 01:28:38]} {[%emt 00:00:23]} 41. f5 {[%clk 01:31:24]} {[%emt 00:00:18]}
e5 {[%clk 01:28:11]} {[%emt 00:00:58]} 42. f6 {[%clk 01:31:40]} {[%emt
00:00:14]} Bc8 {[%clk 01:28:21]} {[%emt 00:00:18]} 43. Kh5 {[%clk 01:31:36]}
{[%emt 00:00:35]} Qxh3# {[%clk 01:25:40]} {[%emt 00:00:12]} 0-1

[Event "ODJM C 2025"]
[Site "Willingen GER"]
[Date "2025.06.10"]
[Round "4"]
[White "Lohmüller, Alina"]
[Black "Kasten, Luna Seraphine"]
[Result "0-1"]
[Termination "normal"]
[Board "28"]
[WhiteElo "772"]
[BlackElo "1409"]
[WhiteClock "01:07:09"]
[BlackClock "01:28:46"]
[PlyCount "40"]
[WhiteFideId "533025509"]
[BlackFideId "34681639"]
[EventCountry "GER"]
[EventRounds "9"]
[EventType "swiss"]
[EventDate "2025.06.07"]

1. e4 {[%clk 01:30:58]} {[%emt 00:00:01]} e5 {[%clk 01:30:53]} {[%emt
00:00:07]} 2. Nf3 {[%clk 01:31:23]} {[%emt 00:00:04]} Nc6 {[%clk 01:31:12]}
{[%emt 00:00:11]} 3. d4 {[%clk 01:31:49]} {[%emt 00:00:05]} Qf6 {[%clk
01:30:50]} {[%emt 00:00:51]} 4. dxe5 {[%clk 01:31:31]} {[%emt 00:00:47]} Nxe5
{[%clk 01:30:57]} {[%emt 00:00:24]} 5. Be2 {[%clk 01:30:42]} {[%emt 00:01:19]}
Bc5 {[%clk 01:30:30]} {[%emt 00:00:56]} 6. Bg5 {[%clk 01:29:27]} {[%emt
00:01:47]} Nxf3+ {[%clk 01:30:45]} {[%emt 00:00:15]} 7. Bxf3 {[%clk 01:29:43]}
{[%emt 00:00:13]} Qxg5 {[%clk 01:31:00]} {[%emt 00:00:15]} 8. Nc3 {[%clk
01:26:35]} {[%emt 00:03:38]} Nf6 {[%clk 01:30:49]} {[%emt 00:00:39]} 9. Qe2
{[%clk 01:23:51]} {[%emt 00:03:15]} d6 {[%clk 01:30:09]} {[%emt 00:01:11]} 10.
Nd5 {[%clk 01:20:10]} {[%emt 00:04:11]} O-O {[%clk 01:29:41]} {[%emt 00:00:57]}
11. Nxc7 {[%clk 01:15:58]} {[%emt 00:04:43]} Rb8 {[%clk 01:29:41]} {[%emt
00:00:30]} 12. Nd5 {[%clk 01:10:23]} {[%emt 00:06:04]} Nxd5 {[%clk 01:29:53]}
{[%emt 00:00:17]} 13. exd5 {[%clk 01:10:39]} {[%emt 00:00:15]} Bf5 {[%clk
01:29:47]} {[%emt 00:00:36]} 14. O-O {[%clk 01:10:24]} {[%emt 00:00:46]} Rfe8
{[%clk 01:29:57]} {[%emt 00:00:19]} 15. Qd1 {[%clk 01:07:39]} {[%emt 00:03:15]}
Be4 {[%clk 01:29:45]} {[%emt 00:00:42]} 16. Re1 {[%clk 01:07:20]} {[%emt
00:00:49]} Bxf3 {[%clk 01:28:45]} {[%emt 00:01:25]} 17. Rxe8+ {[%clk 01:07:25]}
{[%emt 00:00:30]} Rxe8 {[%clk 01:29:06]} {[%emt 00:00:09]} 18. Qxf3 {[%clk
01:07:43]} {[%emt 00:00:12]} Qd2 {[%clk 01:28:26]} {[%emt 00:01:10]} 19. Qb3
{[%clk 01:06:52]} {[%emt 00:01:15]} Qe1+ {[%clk 01:28:23]} {[%emt 00:00:38]}
20. Rxe1 {[%clk 01:07:09]} {[%emt 00:00:11]} Rxe1# {[%clk 01:28:46]} {[%emt
00:00:09]} 0-1

[Event "ODJM C 2025"]
[Site "Willingen GER"]
[Date "2025.06.10"]
[Round "4"]
[White "Tadic, Mina"]
[Black "Rabus, Luise"]
[Result "0-1"]
[Termination "normal"]
[Board "29"]
[WhiteElo "718"]
[BlackElo "1454"]
[WhiteClock "01:21:46"]
[BlackClock "01:34:03"]
[PlyCount "82"]
[WhiteFideId "533031711"]
[BlackFideId "34636900"]
[EventCountry "GER"]
[EventRounds "9"]
[EventType "swiss"]
[EventDate "2025.06.07"]

1. e4 {[%clk 01:30:58]} {[%emt 00:00:02]} c6 {[%clk 01:30:54]} {[%emt
00:00:05]} 2. Bc4 {[%clk 01:30:25]} {[%emt 00:01:03]} d5 {[%clk 01:31:00]}
{[%emt 00:00:23]} 3. exd5 {[%clk 01:30:40]} {[%emt 00:00:15]} cxd5 {[%clk
01:31:22]} {[%emt 00:00:08]} 4. Bb5+ {[%clk 01:30:09]} {[%emt 00:01:01]} Nc6
{[%clk 01:31:22]} {[%emt 00:00:31]} 5. Nf3 {[%clk 01:30:05]} {[%emt 00:00:33]}
Bg4 {[%clk 01:31:40]} {[%emt 00:00:12]} 6. O-O {[%clk 01:30:13]} {[%emt
00:00:22]} e6 {[%clk 01:31:39]} {[%emt 00:00:31]} 7. h3 {[%clk 01:29:53]}
{[%emt 00:00:51]} Bxf3 {[%clk 01:31:51]} {[%emt 00:00:17]} 8. Qxf3 {[%clk
01:30:11]} {[%emt 00:00:12]} Nf6 {[%clk 01:31:23]} {[%emt 00:00:58]} 9. d4
{[%emt 00:01:10]} Bd6 {[%clk 01:31:15]} {[%emt 00:00:28]} 10. Bg5 {[%clk
01:29:40]} {[%emt 00:00:32]} Be7 {[%clk 01:31:23]} {[%emt 00:00:21]} 11. Bxc6+
{[%clk 01:27:40]} {[%emt 00:02:31]} bxc6 {[%clk 01:31:39]} {[%emt 00:00:14]}
12. Bxf6 {[%clk 01:27:36]} {[%emt 00:00:34]} Bxf6 {[%clk 01:32:01]} {[%emt
00:00:08]} 13. Qc3 {[%clk 01:27:07]} {[%emt 00:00:57]} Qb6 {[%clk 01:31:53]}
{[%emt 00:00:40]} 14. Rd1 {[%clk 01:26:13]} {[%emt 00:01:24]} c5 {[%clk
01:31:45]} {[%emt 00:00:38]} 15. dxc5 {[%clk 01:26:08]} {[%emt 00:00:34]} Bxc3
{[%clk 01:32:05]} {[%emt 00:00:10]} 16. cxb6 {[%clk 01:26:18]} {[%emt
00:00:20]} Bxb2 {[%clk 01:32:24]} {[%emt 00:00:11]} 17. Nd2 {[%clk 01:26:15]}
{[%emt 00:00:33]} Bxa1 {[%clk 01:32:42]} {[%emt 00:00:11]} 18. Rxa1 {[%clk
01:26:39]} {[%emt 00:00:06]} O-O {[%clk 01:31:37]} {[%emt 00:01:36]} 19. b7
{[%clk 01:26:55]} {[%emt 00:00:15]} Rab8 {[%clk 01:31:32]} {[%emt 00:00:34]}
20. Rb1 {[%clk 01:26:51]} {[%emt 00:00:09]} Rfd8 {[%clk 01:31:24]} {[%emt
00:01:03]} 21. Nf3 {[%clk 01:26:30]} {[%emt 00:00:51]} Rd7 {[%clk 01:31:32]}
{[%emt 00:00:21]} 22. Ne5 {[%clk 01:26:34]} {[%emt 00:00:26]} Rdxb7 {[%clk
01:31:40]} {[%emt 00:00:22]} 23. Rd1 {[%clk 01:25:23]} {[%emt 00:01:40]} Rb1
{[%clk 01:31:55]} {[%emt 00:00:17]} 24. Rxb1 {[%clk 01:25:17]} {[%emt
00:00:35]} Rxb1+ {[%clk 01:32:18]} {[%emt 00:00:08]} 25. Kh2 {[%clk 01:25:41]}
{[%emt 00:00:03]} Rb2 {[%clk 01:32:34]} {[%emt 00:00:17]} 26. Nc6 {[%clk
01:25:41]} {[%emt 00:00:30]} Rxc2 {[%clk 01:32:48]} {[%emt 00:00:15]} 27. Ne7+
{[%clk 01:25:42]} {[%emt 00:00:30]} Kf8 {[%clk 01:33:04]} {[%emt 00:00:13]} 28.
Nc6 {[%clk 01:25:16]} {[%emt 00:00:56]} Rxc6 {[%clk 01:33:24]} {[%emt
00:00:10]} 29. a4 {[%emt 00:00:08]} Ra6 {[%emt 00:00:08]} 30. f4 {[%emt
00:00:12]} Rxa4 {[%emt 00:00:06]} 31. g3 {[%clk 01:24:59]} {[%emt 00:00:14]} d4
{[%clk 01:33:46]} {[%emt 00:00:09]} 32. Kg1 d3 {[%emt 00:00:04]} 33. Kf2 {[%emt
00:00:39]} Rd4 {[%emt 00:00:08]} 34. Ke3 {[%clk 01:23:37]} {[%emt 00:01:01]}
Rd8 {[%clk 01:33:33]} {[%emt 00:00:42]} 35. Kd2 {[%emt 00:00:12]} a5 {[%emt
00:00:08]} 36. Kc3 {[%emt 00:00:08]} d2 {[%emt 00:00:07]} 37. Kb3 {[%emt
00:00:12]} d1=Q+ {[%emt 00:01:25]} 38. Kc4 {[%clk 01:21:42]} Rc8+ {[%clk
01:33:52]} {[%emt 00:00:24]} 39. Kb5 {[%emt 00:00:14]} Qb1+ {[%emt 00:00:12]}
40. Ka4 {[%clk 01:21:30]} {[%emt 00:00:16]} Rb8 {[%clk 01:34:13]} {[%emt
00:00:08]} 41. Kxa5 {[%clk 01:21:46]} {[%emt 00:00:14]} Qa1# {[%clk 01:34:03]}
{[%emt 00:00:10]} 0-1

[Event "ODJM C 2025"]
[Site "Willingen GER"]
[Date "2025.06.10"]
[Round "4"]
[White "Melekestsev, Kyrylo"]
[Black "Wagner, Valentin Thien-Phú"]
[Result "1/2-1/2"]
[Termination "normal"]
[Board "30"]
[WhiteElo "1045"]
[BlackElo "1401"]
[WhiteClock "01:08:58"]
[BlackClock "00:13:46"]
[PlyCount "96"]
[WhiteFideId "533015945"]
[BlackFideId "34603492"]
[EventCountry "GER"]
[EventRounds "9"]
[EventType "swiss"]
[EventDate "2025.06.07"]

1. e4 {[%clk 01:30:49]} {[%emt 00:00:11]} c5 {[%clk 01:30:26]} {[%emt
00:00:34]} 2. Nf3 {[%clk 01:30:41]} {[%emt 00:00:38]} Nc6 {[%clk 01:30:27]}
{[%emt 00:00:29]} 3. d4 {[%clk 01:30:02]} {[%emt 00:01:08]} g6 {[%clk
01:28:13]} {[%emt 00:02:46]} 4. d5 {[%clk 01:28:42]} {[%emt 00:01:49]} Nd4
{[%clk 01:21:01]} {[%emt 00:07:39]} 5. Nxd4 {[%clk 01:23:52]} {[%emt 00:05:23]}
cxd4 {[%clk 01:21:20]} {[%emt 00:00:11]} 6. Qxd4 {[%clk 01:24:10]} {[%emt
00:00:11]} Nf6 {[%clk 01:17:19]} {[%emt 00:04:31]} 7. Bg5 {[%clk 01:22:21]}
{[%emt 00:02:21]} Bg7 {[%clk 01:10:53]} {[%emt 00:06:54]} 8. e5 {[%clk
01:17:56]} {[%emt 00:04:56]} Nh5 {[%clk 00:48:44]} {[%emt 00:22:39]} 9. d6
{[%clk 01:16:36]} {[%emt 00:01:50]} Qa5+ {[%clk 00:42:04]} {[%emt 00:07:09]}
10. Bd2 {[%clk 01:12:57]} {[%emt 00:04:11]} Qxe5+ {[%clk 00:32:34]} {[%emt
00:09:57]} 11. Qxe5 {[%clk 01:12:59]} {[%emt 00:00:30]} Bxe5 {[%clk 00:32:49]}
{[%emt 00:00:15]} 12. Bc3 {[%clk 01:12:43]} {[%emt 00:00:45]} exd6 {[%clk
00:32:32]} {[%emt 00:00:48]} 13. Bc4 {[%clk 01:11:38]} {[%emt 00:01:35]} O-O
{[%clk 00:30:52]} {[%emt 00:02:10]} 14. O-O {[%clk 01:11:40]} {[%emt 00:00:29]}
Bxc3 {[%clk 00:23:37]} {[%emt 00:07:44]} 15. Nxc3 {[%clk 01:11:54]} {[%emt
00:00:18]} a6 {[%clk 00:23:00]} {[%emt 00:01:07]} 16. Rad1 {[%clk 01:11:03]}
{[%emt 00:01:19]} b5 {[%clk 00:21:37]} {[%emt 00:01:54]} 17. Be2 {[%clk
01:09:47]} {[%emt 00:01:45]} Nf4 {[%clk 00:20:26]} {[%emt 00:01:41]} 18. Bf3
{[%clk 01:09:30]} {[%emt 00:00:47]} Ra7 {[%clk 00:17:57]} {[%emt 00:03:01]} 19.
Rxd6 {[%clk 01:08:46]} {[%emt 00:01:12]} b4 {[%clk 00:16:50]} {[%emt 00:01:37]}
20. Nd5 {[%clk 01:08:16]} {[%emt 00:00:59]} Nxd5 {[%clk 00:16:55]} {[%emt
00:00:28]} 21. Bxd5 {[%clk 01:08:33]} {[%emt 00:00:12]} a5 {[%clk 00:16:14]}
{[%emt 00:01:11]} 22. Re1 {[%clk 01:08:25]} {[%emt 00:00:37]} Ra6 {[%clk
00:11:01]} {[%emt 00:05:42]} 23. Rxa6 {[%clk 01:08:14]} {[%emt 00:00:42]} Bxa6
{[%clk 00:11:19]} {[%emt 00:00:13]} 24. h3 {[%clk 01:08:17]} {[%emt 00:00:27]}
d6 {[%clk 00:10:38]} {[%emt 00:01:10]} 25. Re7 {[%clk 01:07:53]} {[%emt
00:00:55]} Kg7 {[%clk 00:10:15]} {[%emt 00:00:53]} 26. Ra7 {[%clk 01:07:20]}
{[%emt 00:01:00]} Bc8 {[%clk 00:10:14]} {[%emt 00:00:34]} 27. Rxa5 {[%clk
01:07:02]} {[%emt 00:00:47]} Be6 {[%clk 00:10:15]} {[%emt 00:00:29]} 28. a3
{[%clk 01:06:40]} {[%emt 00:00:54]} bxa3 {[%clk 00:10:30]} {[%emt 00:00:14]}
29. bxa3 {[%clk 01:07:01]} {[%emt 00:00:09]} Bxd5 {[%clk 00:10:56]} {[%emt
00:00:04]} 30. Rxd5 {[%clk 01:07:24]} {[%emt 00:00:07]} Ra8 {[%clk 00:11:23]}
{[%emt 00:00:03]} 31. Rxd6 {[%clk 01:06:52]} {[%emt 00:01:00]} Rxa3 {[%clk
00:11:49]} {[%emt 00:00:05]} 32. Rd3 {[%clk 01:06:28]} {[%emt 00:00:53]} Ra1+
{[%clk 00:12:12]} {[%emt 00:00:07]} 33. Kh2 {[%clk 01:06:21]} {[%emt 00:00:37]}
Ra2 {[%clk 00:12:25]} {[%emt 00:00:16]} 34. Rd2 {[%clk 01:06:28]} {[%emt
00:00:25]} h5 {[%clk 00:12:43]} {[%emt 00:00:12]} 35. f3 {[%clk 01:06:34]}
{[%emt 00:00:22]} h4 {[%clk 00:12:40]} {[%emt 00:00:33]} 36. Kg1 {[%clk
01:06:35]} {[%emt 00:00:29]} g5 {[%clk 00:12:48]} {[%emt 00:00:24]} 37. Kf2
{[%clk 01:06:47]} {[%emt 00:00:17]} f5 {[%clk 00:12:59]} {[%emt 00:00:19]} 38.
Rd7+ {[%clk 01:06:30]} {[%emt 00:00:46]} Kg6 {[%clk 00:13:14]} {[%emt
00:00:17]} 39. Rc7 {[%clk 01:06:50]} {[%emt 00:00:09]} f4 {[%clk 00:12:42]}
{[%emt 00:01:02]} 40. Ke2 {[%clk 01:07:12]} {[%emt 00:00:08]} Ra3 {[%clk
00:12:25]} {[%emt 00:00:45]} 41. c4 {[%clk 01:07:13]} {[%emt 00:00:29]} Ra2+
{[%clk 00:12:42]} {[%emt 00:00:14]} 42. Kf1 {[%clk 01:07:30]} {[%emt 00:00:14]}
Ra1+ {[%clk 00:12:59]} {[%emt 00:02:24]} 43. Kf2 {[%clk 01:07:52]} {[%emt
00:00:06]} Ra2+ {[%clk 00:13:23]} {[%emt 00:00:08]} 44. Kg1 {[%clk 01:08:16]}
{[%emt 00:00:05]} Ra1+ {[%clk 00:13:50]} {[%emt 00:00:03]} 45. Kh2 {[%clk
01:08:34]} {[%emt 00:00:12]} Rc1 {[%clk 00:13:40]} {[%emt 00:00:39]} 46. c5
{[%clk 01:08:50]} {[%emt 00:00:14]} Rc4 {[%clk 00:13:57]} {[%emt 00:00:13]} 47.
Rc8 {[%clk 01:08:58]} {[%emt 00:00:24]} Kf6 {[%clk 00:13:46]} {[%emt 00:00:41]}
48. c6 {[%emt 00:01:12]} Ke6 1/2-1/2